LEADER 01035nam0-22003371i-450- 001 990005871030403321 005 20050906112124.0 010 $a88-7972-254-9 035 $a000587103 035 $aFED01000587103 035 $a(Aleph)000587103FED01 035 $a000587103 100 $a20000421d1997----km-y0itay50------ba 101 0 $aita 105 $ay-------001yy 200 1 $a<>destra rivoluzionaria$fZeev Sternhell$g[nota intr. di Sergio Romano]$gtrad. di Debora Spini 210 $aMilano$cCorbaccio$dc1997 215 $aXII, 497 p.$d21 cm 300 $aTit. orig.: La droite rèvolutionnaire 610 0 $aFASCISMO. ORIGINI. FRANCIA. 1885-1914 676 $a320.5330944$v21$zita 700 1$aSternhell,$bZeev$f<1935- >$0134287 702 1$aRomano,$bSergio$f<1929- > 702 1$aSpini,$bDebora 801 0$aIT$bUNINA$gRICA$2UNIMARC 901 $aBK 912 $a990005871030403321 952 $a320.533 STE 2$bBibl.28394$fFLFBC 959 $aFLFBC 996 $aDestra rivoluzionaria$9564674 997 $aUNINA LEADER 01061nam a22002531i 4500 001 991000288299707536 008 040920s2002 it ita 020 $a9788832445657 035 $ab13200653-39ule_inst 040 $aSet. Economia$bita$cA.t.i. Arché s.c.r.l. Pandora Sicilia s.r.l. 082 04$a346.4506 100 1 $aConfalonieri, Marco$0105831 245 13$aLe operazioni societarie sul capitale :$baumenti e riduzioni del capitale sociale, versamenti dei soci, formulario anche su floppy /$cMarco Confalonieri 250 $a2. ed 260 $aMilano :$bIl sole-24 ore,$c2002 300 $aXI, 345 p. ;$c24 cm +$e1 floppy disk 490 $aSocietà 650 4$aCapitale sociale$xGuide pratiche 907 $a.b13200653$b27-02-19$c23-09-04 912 $a991000288299707536 945 $aLE025 ECO 346 CON04.02$g1$i2025000183711$lle025$nCatalogato 2019$o-$pE0.00$q-$rl$s- $t0$u3$v6$w3$x0$y.i13854872$z23-09-04 996 $aOperazioni societarie sul capitale$91103332 997 $aUNISALENTO 998 $ale025$b23-09-04$cm$da $e-$fita$git $h3$i1